• 首页
  • 本馆介绍
  • 公告通知
  • 最新文献
  • 馆藏检索
  • 电子资源
  • 读者导购
  • 参考咨询
  • 我的图书馆
  • 登录
  • 详细信息显示
  • 放入我的书架
  • 预约/预借图书
  • 作者相关作品
  • 分类相关作品
  • 丛书相关作品
  • 出版社相关作品

书目信息

  • 表格格式
  • 工作单格式
  • 卡片格式
题名:
中国网球女子双打研究
    
 
作者: 刘青 主编
分册:  
出版信息: 成都   电子科技大学出版社  2005
页数: 204页
开本: 21cm
丛书名: 体育俱乐部
单 册:
中图分类: G845.19
科图分类:
主题词: 网球运动--女子项目--双打项目--运动技术--研究--中国 , 网球运动 , 女子项目 , 双打项目 , 运动技术
电子资源:
ISBN: 7-81094-747-8
000 01285oam2 2200337 45
001 0120066006411
005 20061214095144.40
010    @a7-81094-747-8@dCNY22.00
092    @aCN@b496090
100    @a20060612d2005 em y0chiy0120 ea
101 0  @achi
102    @aCN@b510000
105    @aa z 000yy
200 1  @a中国网球女子双打研究@9zhong guo wang qiu nv zi shuang da yan jiu@f刘青主编
210    @a成都@c电子科技大学出版社@d2005
215    @a204页@c照片@d21cm
225 2  @a体育俱乐部
300    @a国家体育总局奥运科技攻关研究项目 四川省学术和技术带头人培养资金资助项目
314    @a刘青(1961~ ),四川宜宾人,满族人,成都体育学院教育学学士,武汉体育学院教育学硕士,主要研究方向:运动训练学和体育管理学等。
320    @a有书目
330    @a本书以为我国两对国际排名最高的女双选手为主要研究对象,以部分世界优秀女选手为比较研究对象,运用文献资料法、调查法、观察法等逻辑方法,对当今世界女子网球双打选手技战术水平现状、训练手段进行了分析。
461  0 @12001 @a体育俱乐部
606 0  @a网球运动@x女子项目@x双打项目@x运动技术@x研究@y中国
606 0  @a网球运动
606 0  @a女子项目
606 0  @a双打项目
606 0  @a运动技术
690    @aG845.19@v4
701  0 @c(满)@a刘青@9liu qing@4主编
801  0 @aCN@bLZJBOOK@c20061214
905    @a10447@dG845.19@e273
    
    中国网球女子双打研究/刘青主编.-成都:电子科技大学出版社,2005
    204页:照片;21cm.-(体育俱乐部)
    国家体育总局奥运科技攻关研究项目 四川省学术和技术带头人培养资金资助项目
    
    ISBN 7-81094-747-8:CNY22.00
    本书以为我国两对国际排名最高的女双选手为主要研究对象,以部分世界优秀女选手为比较研究对象,运用文献资料法、调查法、观察法等逻辑方法,对当今世界女子网球双打选手技战术水平现状、训练手段进行了分析。
●
相关链接 在E读中查询图书 在五车中查询图书 在当当中查询图书 在豆瓣中查询图书


正题名:中国网球女子双打研究     索取号:G845.19/273         预约/预借

序号 登录号 条形码 馆藏地/架位号 状态 备注
1 0550204   205502044   第一样本阅览室/ [索取号:G845.19/273] 在馆    
2 0550205   205502053   第四借阅区/ [索取号:G845.19/273] 在馆    
3 0550206   205502062   第四借阅区/ [索取号:G845.19/273] 在馆    
唐山师范学院图书馆 欢迎您!
大连网信软件有限公司© 版权所有